00310nam a2200109Ia 450000500170000000800410001710000270005824500690008526000220015430000110017665000130018720260326100045.0260326s9999||||xx |||||||||||||| ||und|| aMarchán Fiz, Simón 0aLa Arquitectura del Siglo XX :b Textos /cSimón Marchán Fiz bAlberto Corazón a539 p. aTEORÍA